000 01108nam a22002657a 4500
001 sjds
003 sjds
005 20220808200133.0
008 220611b mx ||||| |||| 00| 0 spa d
020 _a9706291237
020 _a9789706291233
020 _a7509965966923
024 _2UPC
_a7509965966923
040 _csjds
041 _aspa
100 1 0 _aRobleda Moguel, Margarita.
245 _aDonde esta el coco? /
_cMargarita Robleda Moguel ; ilustraciones y portada, Maribel Suarez.
260 _aMexico, D.F. : Sistemas Tecnicos de Edicion, c1996
_bSistemas Tecnicos de Edicion,
_cc1996
300 _a19 pages :
_bcolor illustrations ;
_c23 cm.
440 _aNuevos cuentos para puiguitas
500 _aLuis Fernando y su mama buscan un coco en la casa. En fin se suben al coche y van al mercado. Asi nos ensenan algunas preposiciones. Luis Fernando and his mother look for a coconut in their home. Finally they get in the car and go to the market. Thus they teach us some of the prepositions in Spanish.
650 _aFruit
_vJuvenile fiction.
700 1 0 _aSuarez, Maribel
942 _cBK
999 _c27067
_d27067